000
00326nam a22001457a 4500
003
SGT
082
_a
615.1
_b
C01C
100
_a
CHITKARA, H.L.
245
_a
COMPREHENSIVE HOMOEOPATHIC MATERIA MEDICA-MIND
250
_a
4TH
260
_a
INDIA
_b
B.JAIN PUB
_c
2001
300
_a
692
650
_a
HOMOEOPATHIC
942
_2
ddc
_c
BK
999
_c
20455
_d
20455